000 00342nam a2200133 i 4500
001 bg
245 0 _aInstrukcja B-III :
_bpoligonizacja techniczna.
_nT. 2,
_pWzory i przykłady.
250 _aWyd. 2 poszerz.i uzup.
260 _aWarszawa,
_c1972.
040 _cBPK
041 _apol
942 _cKS
008 s pl f |000 0 pol
999 _c7741
_d7741
856 _uhttp://koha.tu.koszalin.pl/cgi-bin/koha/opac-detail.pl?biblionumber=7741
_yKatalog online BPK